Humanism : (Record no. 56828)
[ view plain ]
| 000 -LEADER | |
|---|---|
| fixed length control field | 00889nam a2200265 a 4500 |
| 001 - CONTROL NUMBER | |
| control field | 56828 |
| 003 - CONTROL NUMBER IDENTIFIER | |
| rucl marc code | BD-RjUL |
| 005 - DATE AND TIME OF LATEST TRANSACTION | |
| control field | 20211209080434.0 |
| 008 - FIXED-LENGTH DATA ELEMENTS--GENERAL INFORMATION | |
| fixed length control field | 161204s1903 enk o 000 0 eng d |
| 035 ## - SYSTEM CONTROL NUMBER | |
| System control number | BD-RjUL56952 |
| System control number | (OCoLC)609159091 |
| 040 ## - CATALOGING SOURCE | |
| Original cataloging agency | OCLCE |
| Language of cataloging | eng |
| Transcribing agency | OCLCE |
| Modifying agency | OCLCQ |
| 041 ## - LANGUAGE CODE | |
| Language code of text/sound track or separate title | eng |
| 082 04 - DEWEY DECIMAL CLASSIFICATION NUMBER | |
| Classification number | 192 |
| Edition number | 23 |
| Author mark and year | SCH 1903 |
| 084 ## - OTHER CLASSIFICATION NUMBER | |
| Classification number | 08.31 |
| Number source | bcl |
| 100 1# - MAIN ENTRY--PERSONAL NAME | |
| Personal name | Schiller, F. C. S. |
| Fuller form of name | (Ferdinand Canning Scott), |
| Dates associated with a name | 1864-1937. |
| 9 (RLIN) | 168971 |
| 245 10 - TITLE STATEMENT | |
| Title | Humanism : |
| Remainder of title | philosophical essays / |
| Statement of responsibility, etc. | by F.C.S. Schiller. |
| 260 ## - PUBLICATION, DISTRIBUTION, ETC. (IMPRINT) | |
| Place of publication, distribution, etc. | London ; |
| -- | New York : |
| Name of publisher, distributor, etc. | MacMillan, |
| Date of publication, distribution, etc. | 1903 [reprint 1969] |
| 300 ## - PHYSICAL DESCRIPTION | |
| Pagination | 197 p. ; |
| Size | 23 cm. |
| 506 ## - RESTRICTIONS ON ACCESS NOTE | |
| Materials specified | Use copy |
| Standardized terminology for access restriction | Restrictions unspecified |
| Source of term | star |
| Institution to which field applies | MiAaHDL |
| 650 #0 - SUBJECT ADDED ENTRY--TOPICAL TERM | |
| Topical term or geographic name as entry element | Humanism |
| General subdivision | Philosophy. |
| 9 (RLIN) | 168972 |
| 856 40 - ELECTRONIC LOCATION AND ACCESS | |
| Materials specified | HathiTrust Digital Library |
| Uniform Resource Identifier | <a href="http://catalog.hathitrust.org/api/volumes/oclc/2218268.html">http://catalog.hathitrust.org/api/volumes/oclc/2218268.html</a> |
| 942 ## - ADDED ENTRY ELEMENTS (KOHA) | |
| Source of classification or shelving scheme | Dewey Decimal Classification |
| Koha item type | Books |
| Lost status | Source of classification or shelving scheme | Damaged status | Not for loan | Collection code | Permanent Location | Current Location | Shelving location | Date acquired | Source of acquisition | Total Checkouts | Full call number | Date last seen | Copy number | Koha item type |
|---|---|---|---|---|---|---|---|---|---|---|---|---|---|---|
| Dewey Decimal Classification | Not For Loan | Non-fiction | Central Library, University of Rajshahi | Central Library, University of Rajshahi | Reading Room | 09/01/1974 | USIS, | 192 SCH 1969 | 04/12/2016 | C-1 | Books |